000 00436nam a2200145Ia 4500
008 231129s1988||||xx |||||||||||||| ||spa||
020 _a958-9061-29-X
040 _bspa
082 _a070.44 S237f
100 _aSantos Calderón Enrique
245 0 _aFuego cruzado: Guerrilla narcotráfico y paramilitares en la Colombia de los ochenta
260 _c1988
264 _aCerec
942 _2ddc
_cBKS
999 _c14207
_d14207